| Поле | Название | Значение |
| |
Тип записи |
a |
| |
Библиографический уровень |
m |
| 001 |
Контрольный номер |
LIBNET\0000900324 |
| 005 |
Дата корректировки |
20260305122148.2 |
| 010 |
Индекс ISBN |
__ |
| a |
ISBN |
978-5-6040249-3-5 |
| d |
Цена |
238-41 |
| 100 |
Данные общей обработки |
__ |
| a |
Данные общей обработки |
20260303d2017####|||y0rusy50######ca |
| 101 |
Язык документа |
0_ |
| a |
Язык текста |
rus |
| 102 |
Страна публикации |
__ |
| a |
Страна публикации |
RU |
| 200 |
Заглавие и сведения об ответственности |
1_ |
| a |
Заглавие |
Онтология феномена времени в теории прогнозирования техногенного риска сложных динамических систем |
| e |
Сведения, относящиеся к заглавию |
монография |
| f |
Первые сведения об ответственности |
Т. Ю. Денисова, В. А. Острейковский |
| g |
Последующие сведения об ответственности |
Сургутский государственный университет |
| 210 |
Выходные данные |
1_ |
| a |
Место издания |
Сургут |
| c |
Издательство |
Печатный мир г. Сургут |
| d |
Дата издания |
2017 |
| 215 |
Физическое описание |
__ |
| a |
Объем |
252, [1] с. |
| c |
Иллюстрации/тип воспроизводства |
ил., табл. |
| 225 |
Серия (Журнальная рубрика) |
2_ |
| a |
Серия (Журнальная рубрика) |
Серия "25 лет СурГУ" |
| 300 |
Общие примечания |
__ |
| a |
Общие примечания |
На обложке: 25 - Сургутский государственный университет |
| 320 |
Библиография |
__ |
| a |
Библиография |
Список сокращений: с. 241 |
| 320 |
Библиография |
__ |
| a |
Библиография |
Библиография: с. 242-252 |
| 320 |
Библиография |
__ |
| a |
Библиография |
На 4-й с. обложки авторы: Денисова Т. Ю., кандидат философских наук, Острейковский В. А., доктор технических наук |
| 330 |
Аннотация |
__ |
| a |
Аннотация |
В монографии рассмотрены фундаментальные понятия современной теории техногенного риска как одного из важных количественных критериев общей теории безопасности сложных динамических систем. Раскрыт феномен времени в соответствии с современными взглядами на проблему "прошлое - настоящее - будущее" применительно к прогнозированию отказов, аварий и катастроф структурно и функционально сложных систем. Для аспирантов и студентов соответствующих направлений. |
| 606 |
Тематические рубрики |
1_ |
| a |
Основная рубрика |
Математика |
| 606 |
Тематические рубрики |
1_ |
| a |
Основная рубрика |
Математическая кибернетика |
| 606 |
Тематические рубрики |
__ |
| a |
Основная рубрика |
Философия |
| 606 |
Тематические рубрики |
__ |
| a |
Основная рубрика |
Метафизика. Онтология |
| 610 |
Ключевые слова |
1_ |
| a |
Ключевые слова |
краеведение |
| a |
Ключевые слова |
труды СурГУ |
| a |
Ключевые слова |
труды Сургутского государственного университета |
| a |
Ключевые слова |
метафизика времени |
| a |
Ключевые слова |
теория техногенного риска |
| a |
Ключевые слова |
техногенные риски |
| a |
Ключевые слова |
феномен времени |
| a |
Ключевые слова |
онтология времени |
| a |
Ключевые слова |
математическое моделирование |
| a |
Ключевые слова |
модели мира |
| a |
Ключевые слова |
мифологические модели мира |
| a |
Ключевые слова |
время (философия) |
| a |
Ключевые слова |
история философии |
| 686 |
Индексы других классификаций |
__ |
| a |
Индекс ББК |
к22.18 |
| 686 |
Индексы других классификаций |
__ |
| a |
Индекс ББК |
к87.1 |
| 700 |
Автор |
_1 |
| a |
Фамилия |
Денисова |
| b |
Имя |
Т. Ю. |
| g |
Полное личное имя |
Татьяна Юрьевна |
| f |
Даты |
1967- |
| 4 |
Код отношения |
070 |
| 701 |
Альтернативная интеллектуальная ответственность (другие авторы) |
_1 |
| a |
Фамилия |
Острейковский |
| b |
Имя |
В. А. |
| f |
Даты |
1932- |
| g |
Полное личное имя |
Владислав Алексеевич |
| 4 |
Код отношения |
070 |
| 712 |
Наименование организации (Вторичная ответственность) |
02 |
| a |
Организация/ юрисдикция |
БУ ВО Ханты-Мансийского автономного округа – Югры «Сургутский государственный университет» |
| a |
Организация/ юрисдикция |
Сургутский государственный университет |
| 801 |
Источник записи |
_0 |
| a |
Страна |
RU |
| b |
Организация |
Центральная районная библиотека им. Г. А. Пирожникова |
| c |
Дата составления |
20260303 |
| g |
Правила каталогизации |
bzbo |
| 801 |
Источник записи |
_1 |
| a |
Страна |
RU |
| b |
Организация |
Центральная районная библиотека им. Г. А. Пирожникова |
| c |
Дата составления |
20260303 |
| g |
Правила каталогизации |
bzbo |
| 852 |
Данные о местонахождении |
__ |
| j |
Шифр хранения |
22.18 |
| i |
Авторский знак |
Д 332 |
| 901 |
Тип документа |
__ |
| t |
Тип документа |
m |
| 902 |
Роль лиц |
__ |
| a |
Создатель БЗ |
ОКиО/Колмакова |